000 00659nam a2200193Ia 4500
003 IN-BaIIA
008 211028s9999 xx 000 0 eng d
040 _cIIA Library
080 _a69.01:624
_bIND-2
110 _aBureau of Indian Standards
_920631
245 0 _aIndian standard: method of measurement of building and civil engineering works
_bpt. 2, concrete work
_cBureau of Indian Standards
250 _a7th ed.
260 _aNew Delhi
_bBureau of Indian Standards
_c2009
300 _a13p.
650 _aCivil engineering
_95496
650 _aConcrete work
_933772
650 _aIndian standard
_933773
942 _cBK
999 _c17795
_d17795